| 000 | 00464 a2200181 4500 | ||
|---|---|---|---|
| 005 | 20240314114147.0 | ||
| 008 | 240304b |||||||| |||| 00| 0 eng d | ||
| 020 |
_a9788126577538 _cRs. 679.00 |
||
| 040 | _aMAIN | ||
| 082 |
_a620.1064 _bG959A |
||
| 100 | _aGupta, S C | ||
| 245 | _aApplied computational fluid dynamics | ||
| 260 |
_bWiley India _c2019 _aNew Delhi |
||
| 300 | _axiii, 302 | ||
| 650 | _aEngineering | ||
| 650 | _aFluid Dynamics | ||
| 942 | _cBK | ||
| 999 |
_c312719 _d312719 |
||